A history of Europe / (Record no. 223)

000 -LEADER
fixed length control field 01041pam a2200337 a 4500
001 - CONTROL NUMBER
control field 1654949
003 - CONTROL NUMBER IDENTIFIER
control field OSt
005 - DATE AND TIME OF LATEST TRANSACTION
control field 20210419052237.0
008 - FIXED-LENGTH DATA ELEMENTS--GENERAL INFORMATION
fixed length control field 970908s1997 nyub b 001 0 eng
010 ## - LIBRARY OF CONGRESS CONTROL NUMBER
LC control number 97040034
020 ## - INTERNATIONAL STANDARD BOOK NUMBER
International Standard Book Number 0713992042 (alk. paper)
040 ## - CATALOGING SOURCE
Original cataloging agency DLC
Transcribing agency DLC
Modifying agency DLC
043 ## - GEOGRAPHIC AREA CODE
Geographic area code e------
050 00 - LIBRARY OF CONGRESS CALL NUMBER
Classification number D20
Item number .R645 1997
080 ## - UNIVERSAL DECIMAL CLASSIFICATION NUMBER
Universal Decimal Classification number 94
Item number R-66
082 00 - DEWEY DECIMAL CLASSIFICATION NUMBER
Classification number 940
Edition number 21
100 1# - MAIN ENTRY--PERSONAL NAME
Personal name Roberts, J. M.
Fuller form of name (John Morris),
Dates associated with a name 1928-2003.
245 12 - TITLE STATEMENT
Title A history of Europe /
Statement of responsibility, etc. J.M. Roberts.
250 ## - EDITION STATEMENT
Edition statement 1st American ed.
260 ## - PUBLICATION, DISTRIBUTION, ETC.
Place of publication, distribution, etc. New York, N.Y., U.S.A. :
Name of publisher, distributor, etc. Allan Lane,
Date of publication, distribution, etc. 1997.
300 ## - PHYSICAL DESCRIPTION
Extent xii, 628 p. :
Other physical details maps ;
Dimensions 25 cm.
365 ## - TRADE PRICE
Price amount 34.95 usd
504 ## - BIBLIOGRAPHY, ETC. NOTE
Bibliography, etc. note Includes bibliographical references and index.
651 #0 - SUBJECT ADDED ENTRY--GEOGRAPHIC NAME
Geographic name Europe
General subdivision History.
653 ## - INDEX TERM--UNCONTROLLED
Uncontrolled term ისტორია
653 ## - INDEX TERM--UNCONTROLLED
Uncontrolled term ევროპა
906 ## - LOCAL DATA ELEMENT F, LDF (RLIN)
a 7
b cbc
c orignew
d 1
e ocip
f 19
g y-gencatlg
942 ## - ADDED ENTRY ELEMENTS (KOHA)
Source of classification or shelving scheme
Koha item type Books
Edition 1
Holdings
Withdrawn status Lost status Source of classification or shelving scheme Damaged status Not for loan Permanent location Current location Date acquired Inventory number Total Checkouts Full call number Barcode Date last seen Date last checked out Price effective from Koha item type
          Ken Walker International University Ken Walker International University 11/12/2020 273 1 94 R-66 273 01/12/2023 01/10/2023 11/12/2020 Books

Powered by Koha